01070nam a2200181Ia 4500008004100000100002600041245002900067250000800096260002500104300000900129650001600138942001500154999001500169952017500184952017500359952019000534952016400724191201s2013    xx            000 0 und d  aSILBERSCHATZ, Abraham 0aDatabase System Concepts  a6th  aNew DelhibTMHc2013  a1349  aM.Tech(CSE)  2ddccBK03  c5989d5989  00102ddc40708BTECHCSEaPIETbPIETd2014-08-09eOrange Books Internationalg825.00k4580l1o005.74 SIDp24756r2021-09-21 00:00:00s2021-09-07v577.50w2014-07-31yBK  00102ddc40708BTECHCSEaPIETbPIETd2014-08-09eOrange Books Internationalg825.00k4580l4o005.74 SIDp24757r2024-11-11 00:00:00s2024-11-04v577.50w2014-07-31yBK  00102ddc40708BTECHCSEaPIETbPIETd2014-08-09eOrange Books Internationalg825.00k4580l1o005.74 SIDp24758q2022-07-20r2022-01-21 00:00:00s2022-01-21v577.50w2014-07-31yBKz.  00102ddc40708BTECHCSEaPIETbPIETd2014-08-09eOrange Books Internationalg825.00k4580l0o005.74 SIDp24759r2019-12-04 00:00:00v577.50w2014-07-31yREF